Qal'at Sem'an /

محفوظ في:

المؤلف الرئيسي: Dussart, Odile (مؤلف)

مؤلفون آخرون: Blanc, Pierre-Marie.

التنسيق: كتاب

اللغة: English

منشور في: Beyrouth : Institut Francais d'Archeologie du Proche-Orient, 2017.

سلاسل: Bibliotheque archeologique et historique ; 208.
BAH ; 208.

الموضوعات:

الوسوم: إضافة وسم

لا توجد وسوم, كن أول من يضع وسما على هذه التسجيلة!

رقم الطلب: DS93 .F8 v.208

LEADER 01299namaa2200313 4500
003 OSt
005 20260216104809.0
008 130303s2017 le ab b 001 0 eng d
020 |a 9782351597279 
020 |a 2351597273 
040 |c ARCE Library 
043 |a a-sy--- 
050 4 |a DS93 .F8 v.208 
100 1 |a Dussart, Odile,   |e author  |9 29170 
245 1 0 |a Qal'at Sem'an /  |c Odile Dussart ; Institut français du Proche Orient. 
264 1 |a Beyrouth :  |b Institut Francais d'Archeologie du Proche-Orient,  |c 2017. 
300 |a 168 pages :  |b illustrations, maps ;  |c 28 cm. 
490 0 |a Bibliotheque archeologique et historique ;   |v 208. 
490 0 |a BAH ;   |v 208. 
500 |a At head of title: "Mission francaise de Qal'at Sem'an." "Ouvrage publie avec le concours de la direction generale de la Cooperation interntaionale et du Developpement du ministere des Affaires etrangeres." 
500 |a added title page, table of contents, and introduction in Arabic. 
504 |a Includes bibliographical references and index.  
546 |a French; abstracts in French, English, and Arabic. 
650 0 |a Excavations (Archaeology)  |z Syria  |z Qal'at Sim'an. 
650 0 |a Metal-work  |z Syria  |z Qal'at Sim'an. 
700 1 |a Blanc, Pierre-Marie. 
901 |a reviewed 
942 |c BK  |2 lcc 
999 |c 7277  |d 7277